Géographie à 4 lettres n°2 - Statistiques

Statistiques générales
  • Ce quiz a été pris 505 fois
  • Le résultat moyen est 12 sur 22
Statistiques - réponses
Hint 4 lettres % Correct
Capitale du Pérou Lima
94%
Capitale de la Lettonie Riga
94%
Pays de Bagdad Irak
92%
Voisin du Vietnam Laos
90%
Pays de naissance de Bouddha Inde
81%
Capitale du Qatar Doha
78%
Le plus grand désert de Chine Gobi
71%
État américain qui commence et se termine par une même lettre Ohio
68%
Vienne en allemand Wien
65%
Île où Napoléon a été exilé Elbe
59%
Ancien nom de la Thaïlande Siam
57%
Capitale des Maldives Malé
55%
Capitale du Timor oriental Dili
47%
La plus grande ville de 4 lettres en Suisse Bâle
37%
Capitale du Samoa Apia
30%
La plus grande ville du Groenland Nuuk
30%
Ville du Taj Mahal Agra
28%
3ème plus grande ville de Pologne Łódź
22%
Rivière de Saint-Pétersbourg Neva
19%
Île d'Honolulu Oahu
17%
Ville natale de Galilée Pise
16%
Capitale de Bachkirie, Russie Oufa
7%
Aucun quiz correspondant
Distribution des résultats
% des personnes avec chaque résultat
Percentile par nombre de réponses
Votre historique - résultats
Vous n’avez pas pris ce quiz